Compensación económica : teoría y práctica /
Guardado en:
| Autor Principal: | |
|---|---|
| Otros Autores: | |
| Formato: | Libro |
| Idioma: | Spanish |
| Publicado: |
Santa Fé :
Rubinzal - Culzoni,
2018.
|
| Edición: | 1a. ed. rev. |
| Materias: | |
| Etiquetas: |
Agregar Etiqueta
Sin Etiquetas, Sea el primero en etiquetar este registro!
|
| LEADER | 00550nam a22001695a 4500 | ||
|---|---|---|---|
| 001 | DER.der013770 | ||
| 008 | 181129s2018####ag############000#0#spa#d | ||
| 005 | 20240826112125.0 | ||
| 245 | 1 | 0 | |a Compensación económica : |b teoría y práctica / |c Molina de Juan, Mariel F. |
| 250 | |a 1a. ed. rev. | ||
| 260 | |a Santa Fé : |b Rubinzal - Culzoni, |c 2018. | ||
| 300 | |a 391 p. | ||
| 020 | |a 9789873008573 | ||
| 100 | 1 | |a Molina de Juan, Mariel F. | |
| 700 | 1 | |a Kemelmajer de Carlucci, Aída. | |
| 650 | 7 | |a COMPENSACIÓN ECONOMICA | |
| 859 | |a DERECHO |b BIB. DERECHO |h 346 |i MOL |p 008845 | ||
